Velada en memoria de D. Antonio Cánovas del Castillo celebrada en el Ateneo de Madrid la noche del 9 de noviembre de 1897 / (Record no. 106495)
[ view plain ]
| 000 -LEADER | |
|---|---|
| campo de control de longitud fija | 01316nam a2200277 4500 |
| 001 - NÚMERO DE CONTROL | |
| campo de control | 106495 |
| 003 - IDENTIFICADOR DE NÚMERO DE CONTROL | |
| campo de control | ES-MaACL |
| 005 - FECHA Y HORA DE LA ÚLTIMA TRANSACCIÓN | |
| campo de control | 20250428113406.0 |
| 007 - CAMPO FIJO DE DESCRIPCIÓN FÍSICA--INFORMACIÓN GENERAL | |
| campo de control de longitud fija | t| |
| 008 - DATOS DE LONGITUD FIJA--INFORMACIÓN GENERAL | |
| campo de control de longitud fija | 061124s1897 sp ||||1| spa d |
| 080 ## - NÚMERO DE LA CLASIFICACIÓN DECIMAL UNIVERSAL | |
| Número de la Clasificación Decimal Universal | 32 Cánovas del Castillo, Antonio |
| 100 1# - ENTRADA PRINCIPAL--NOMBRE DE PERSONA | |
| Nombre de persona | Pidal y Mon, Alejandro, |
| Fechas asociadas al nombre | 1846-1913 |
| 9 (RLIN) | 91890 |
| 245 10 - MENCIÓN DEL TÍTULO | |
| Título | Velada en memoria de D. Antonio Cánovas del Castillo celebrada en el Ateneo de Madrid la noche del 9 de noviembre de 1897 / |
| Mención de responsabilidad, etc. | discurso de Alejandro Pidal ; extracto de los discursos de los Srs. Gumersindo de Azcárete y Segismundo Moret. |
| 260 ## - PUBLICACIÓN, DISTRIBUCIÓN, ETC. | |
| Lugar de publicación, distribución, etc. | Madrid : |
| Nombre del editor, distribuidor, etc. | [s.n.], |
| Fecha de publicación, distribución, etc. | 1897 ( |
| Fabricante | Impr. de los Hijos de M. G. Hernández) |
| 300 ## - DESCRIPCIÓN FÍSICA | |
| Extensión | 63 p.,1 retr. ; |
| Dimensiones | 21 cm. |
| 530 ## - NOTA DISPONIBLE DE FORMULARIO FÍSICO ADICIONAL | |
| Nota de formato físico adicional disponible | Disponible en formato digital. |
| 600 14 - PUNTO DE ACCESO ADICIONAL DE MATERIA--NOMBRE DE PERSONA | |
| Nombre de persona | Cánovas del Castillo, Antonio, 1828-1897- |
| Subdivisión de forma | Homenajes |
| 9 (RLIN) | 34602 |
| 610 2# - PUNTO DE ACCESO ADICIONAL DE MATERIA--NOMBRE DE ENTIDAD CORPORATIVA | |
| Nombre de entidad corporativa o nombre de jurisdicción como elemento de entrada | Ateneo de Madrid- |
| Subdivisión de forma | Veladas literarias. |
| 9 (RLIN) | 1935 |
| 700 1# - ENTRADA AGREGADA--NOMBRE PERSONAL | |
| Nombre de persona | Azcárate, Gumersindo de, |
| Fechas asociadas al nombre | 1840-1917 |
| 9 (RLIN) | 24243 |
| 700 1# - ENTRADA AGREGADA--NOMBRE PERSONAL | |
| Nombre de persona | Moret, Segismundo, |
| Fechas asociadas al nombre | 1833-1913 |
| 9 (RLIN) | 162747 |
| 852 ## - LOCALIZACIÓN | |
| Ubicación | ES-MaACL |
| Número de control de estantería | 2210-F-13 |
| Sublocalización o colección | R.138097 |
| Ubicación en estantería | Depósito folletos |
| Nota libre | Revisado enlace: 28 de Abril de 2025 |
| 852 ## - LOCALIZACIÓN | |
| Ubicación | ES-MaACL |
| Número de control de estantería | T-871-F-3 |
| Ubicación en estantería | Depósito folletos |
| Nota libre | Revisado enlace: 28 de Abril de 2025 |
| 856 ## - LOCALIZACIÓN Y ACCESO ELECTRÓNICOS | |
| Identificador Uniforme de Recursos | <a href="http://bdh-rd.bne.es/viewer.vm?id=0000050462&page=1 ">http://bdh-rd.bne.es/viewer.vm?id=0000050462&page=1 </a> |
| Texto de enlace | Biblioteca Digital Hispánica |
| 942 ## - ELEMENTOS DE ENTRADA SECUNDARIOS (KOHA) | |
| Fuente del sistema de clasificación o colocación | Clasificación decimal universal |
| Estatus retirado | Estado de pérdida | Estado de daño | No para préstamo | Colección | Biblioteca de origen | Biblioteca actual | Ubicación en estantería | Fecha de adquisición | Fuente de adquisición | Total de préstamos | Signatura topográfica completa | Código de barras | Visto por última vez | Precio de reemplazo | Tipo de ítem Koha | Fuente del sistema de clasificación o colocación |
|---|---|---|---|---|---|---|---|---|---|---|---|---|---|---|---|---|
| Colección de folletos | Biblioteca del Ateneo de Madrid | Biblioteca del Ateneo de Madrid | Depósito folletos | 28/10/2009 | T-871-F-3 | 1181616 | 23/02/2023 | 23/02/2023 | Folleto | |||||||
| Biblioteca Digital del Ateneo de Madrid | Biblioteca del Ateneo de Madrid | Biblioteca del Ateneo de Madrid | Depósito folletos | 17/01/2008 | 2210-F-13 | 1111167 | 23/02/2023 | 23/02/2023 | Folleto | Clasificación decimal universal |
